000 00949cam a2200229 4500
001 ABS65541
008 020521n2002 000 0 eng u
035 _a(Sirsi) u118063
100 _aBorszcz, I
245 _aCountering claims
260 _c2002
490 _aInside Housing
_v19(16) 26 April 2002, 14(1)
520 _aReports on the increases in speculative compensation claims against local authorities and other social landlords in respect of housing disrepair and resultant personal injury. These claims are made by specialist firms on behalf of social housing tenants. Promotes the need for careful re-assessment of housing repair schedules and procedures to prevent these claims encroaching further on housing budgets.
590 _aABS
650 _aSOCIAL HOUSING
650 _aTENANTS
650 _aSOCIAL LANDLORDS
650 _aDISREPAIR
650 _aCOMPENSATION CLAIMS
690 _aDilapidations
_96235
942 _n0
999 _c70302
_d70302